LIBRARY & INFORMATION CENTRE, KCAET, TAVANUR

ONLINE PUBLIC ACCESS CATALOGUE (OPAC)

Conservation Agriculture:The New Paradigm (Record no. 14489)

MARC details
000 -LEADER
fixed length control field 00331nam a22001337a 4500
020 ## - INTERNATIONAL STANDARD BOOK NUMBER
ISBN 9788176222891
082 ## - DEWEY DECIMAL CLASSIFICATION NUMBER
Classification number 631.531
Item number SHO/CO
245 ## - TITLE STATEMENT
Title Conservation Agriculture:The New Paradigm
260 ## - PUBLICATION, DISTRIBUTION, ETC. (IMPRINT)
Place of publication New Delhi
Name of publisher Biotech Books
Year of publication 2013
300 ## - PHYSICAL DESCRIPTION
Number of Pages 476
700 ## - ADDED ENTRY--PERSONAL NAME
Personal name Shobhana Gupta
700 ## - ADDED ENTRY--PERSONAL NAME
Personal name Neeraj Hada
942 ## - ADDED ENTRY ELEMENTS (KOHA)
Koha item type Books
Holdings
Withdrawn status Lost status Damaged status Collection code Home library Current library Shelving location Date acquired Source of acquisition Cost, normal purchase price Full call number Accession Number Koha item type
        KAUAET KAUAET General Stacks 08/07/2016 Arunima Book Distributors, TVPM 2200.00 631.531 SHO/CO 24809 Books
free website counter